LIBRARY & INFORMATION CENTRE, KCAET, TAVANUR

ONLINE PUBLIC ACCESS CATALOGUE (OPAC)

Adhunika gavya mruga samrakshanam / (Record no. 10892)

MARC details
000 -LEADER
fixed length control field 00674cam a2200277ua 4500
041 ## - LANGUAGE CODE
Language code of text/sound track or separate title mal
082 ## - DEWEY DECIMAL CLASSIFICATION NUMBER
Classification number 637.14
Item number DEV/AD
100 ## - MAIN ENTRY--AUTHOR NAME
Personal name Devasia, .
245 ## - TITLE STATEMENT
Title Adhunika gavya mruga samrakshanam /
250 ## - EDITION STATEMENT
Edition statement 1 /
260 ## - PUBLICATION, DISTRIBUTION, ETC. (IMPRINT)
Place of publication Thiruvananthapuram :
Name of publisher State Instititute of Languages ,
Year of publication 1973.
300 ## - PHYSICAL DESCRIPTION
Number of Pages 336 ; .
942 ## - ADDED ENTRY ELEMENTS (KOHA)
Koha item type Books
Holdings
Withdrawn status Lost status Damaged status Home library Current library Date acquired Full call number Accession Number Koha item type
      KAUAET KAUAET 07/04/2012 637.14 14443 Books
      KAUAET KAUAET 07/04/2012 637.14 14447 Books
      KAUAET KAUAET 07/04/2012 637.14 13535 Books
      KAUAET KAUAET 07/04/2012 637.14 14446 Books
      KAUAET KAUAET 07/04/2012 637.14 13537 Books
Withdrawn     KAUAET KAUAET 07/04/2012 637.14 13538 Books
      KAUAET KAUAET 07/04/2012 637.14 13536 Books
      KAUAET KAUAET 07/04/2012 637.14 14445 Books
      KAUAET KAUAET 07/04/2012 637.14 14444 Books
free website counter